000 00542nam a2200169 a 4500
003 PILC
005 20150112093440.0
008 100727s19uu xx 00 eng d
050 _aHF 5813
_b.P438 1995
082 _aSFf 659.1599
_bC84 1995
100 _aCreative Guild of the Philippines
_918609
245 _aPerfect 10 :
_ba decade of creativity in philippine advertising /
260 _aManila, Philippines :
_bCreative Guild of the Philippines,
_c1995.
300 _a127 pages :
_c16 cm.
650 _aAdvertising
_9734
942 _2lcc
_cBK
999 _c14731
_d14731